| 000 | 00573nam a22001817a 4500 | ||
|---|---|---|---|
| 005 | 20251108164154.0 | ||
| 008 | 250721s1996 xx 000 0 ara d | ||
| 082 | 1 | 4 | _a301.31/أحم |
| 100 | 1 | _aعبد الجواد، أحمد عبد الوهاب | |
| 245 | 1 | 0 | _aالتربية البيئية / |
| 264 | 1 |
_aالقاهرة : _bالدار العربية للنشر و التوزيع، _c1996. |
|
| 300 | _a580ص | ||
| 490 | 0 | _aسلسلة دائرة المعارف البيئية | |
| 650 | 1 | 7 | _aالبيئة |
| 650 | 1 | 7 | _aالتلوث |
| 942 |
_2ddc _cBK |
||
| 999 |
_c5476 _d5476 |
||